Normal view
MARC view
- Lotia, Manahar
Entry Personal Name
001 - CONTROL NUMBER
- control field: 76199
003 - CONTROL NUMBER IDENTIFIER
- control field: NUST
005 - DATE AND TIME OF LATEST TRANSACTION
- control field: 20210628205611.0
008 - FIXED-LENGTH DATA ELEMENTS
- fixed length control field: 210628|| aca||aabn | a|a d
040 ## - CATALOGING SOURCE
- Original cataloging agency: NUST
- Transcribing agency: NUST
100 ## - HEADING--PERSONAL NAME
- Personal name: Lotia, Manahar
670 ## - SOURCE DATA FOUND
- Source citation: Work cat.: (NUST): Lotia, Manahar, Modern ic data and substitution manual, 1996
